LEADER 01597nam a2200361 i 4500 001 991000990919707536 005 20020507104834.0 008 960422s1977 ne ||| | eng 035 $ab10158200-39ule_inst 035 $aLE00640286$9ExL 040 $aDip.to Fisica$bita 084 $a53(082.2) 084 $a53.4.67 084 $a53.9.7 084 $aR895 111 2 $aInternational School of Physics "Enrico Fermi" on health and medical physics$0462283 245 10$aHealth and medical physics = Fisica medica e sanitaria :$bproceedings of the International School of Physics "Enrico Fermi", Course LXVI, Varenna on Lake Como, Villa Monastero, 28th July-9th August, 1975 /$cItalian Physical Society ; edited by J. Baarli 260 $aAmsterdam :$bNorth-Holland ; Bologna : Società Italiana di Fisica,$c1977 300 $axvi, 535 p. :$bill. ;$c25 cm. 490 0 $aRendiconti della Scuola Internazionale di Fisica "Enrico Fermi" 490 0 $aProceedings of the International School of Physics "Enrico Fermi" ;$v66 650 4$aHealth physics 650 4$aMedical physics 700 1 $aBaarli, J. 710 2 $aScuola Internazionale di Fisica "Enrico Fermi" 710 2 $aSIF 740 0 $aFisica medica e sanitaria 907 $a.b10158200$b17-02-17$c27-06-02 912 $a991000990919707536 945 $aLE006 53(042+082.2) VAR$g1$i2006000097567$lle006$o-$pE0.00$q-$rl$s- $t0$u0$v0$w0$x0$y.i10191999$z27-06-02 996 $aHealth and medical physics = Fisica medica e sanitaria$9187368 997 $aUNISALENTO 998 $ale006$b01-01-96$cm$da $e-$feng$gne $h0$i1 LEADER 03736nam 2200625 450 001 9910816464503321 005 20200923020339.0 010 $a3-11-054518-7 010 $a3-11-054640-X 024 7 $a10.1515/9783110546408 035 $a(CKB)4340000000193277 035 $a(MiAaPQ)EBC4931504 035 $a(DE-B1597)481387 035 $a(OCoLC)999365377 035 $a(DE-B1597)9783110546408 035 $a(Au-PeEL)EBL4931504 035 $a(CaPaEBR)ebr11419548 035 $a(OCoLC)999635471 035 $a(EXLCZ)994340000000193277 100 $a20170822h20172017 uy 0 101 0 $ager 135 $aurcnu|||||||| 181 $2rdacontent 182 $2rdamedia 183 $2rdacarrier 200 14$aDie orthodoxen Kirchen im interreligio?sen Dialog mit dem Islam /$fDietmar Schon 210 1$aBerlin, [Germany] ;$aBoston, [Massachusetts] :$cDe Gruyter,$d2017. 210 4$d©2017 215 $a1 online resource (644 pages) 225 1 $aJudaism, Christianity, and Islam - Tension, Transmission, Transformation,$x2196-405X ;$vVolume 7 311 $a3-11-054477-6 320 $aIncludes bibliographical references and index. 327 $tFrontmatter -- $tInhalt -- $tKapitel A. Die orthodoxen Kirchen im Dialog mit dem Islam ? Koordinaten des Themas und dieser Untersuchung -- $tKapitel B. Grundlagen für den interreligiösen Dialog der Orthodoxie mit dem Islam -- $tKapitel C. Dialogereignisse unter Beteiligung der Orthodoxie und des Islam -- $tKapitel D. Themen und Inhalte des interreligiösen Dialogs unter Beteiligung der Orthodoxie und des Islam -- $tKapitel E. Zusammenfassung und Auswertung -- $tVerzeichnis der abgekürzt zitierten Literatur -- $tVerzeichnis mehrfach verwendeter Internetquellen -- $tAbkürzungsverzeichnis -- $tAnhang 1. Schlusserklärungen -- $tAnhang 2. Verzeichnis der wichtigsten interreligiösen Konferenzen -- $tPersonenverzeichnis -- $tSachverzeichnis 330 $aInterreligious dialogue is an essential tool to facilitate peaceful coexistence among people groups with different religious backgrounds in an increasingly metropolitan world. The Orthodox Church has a long experience with interreligious dialogue and has encouraged tolerance and mutual understanding. This volume documents the contribution of the autocephalous orthodox churches since the 1980s until today in an ecumenical context. 330 $aInterreligiöser Dialog mit dem Islam gilt in einer globalisierten Welt als unverzichtbar, um friedliche Koexistenz von Menschen unterschiedlicher Religion zu sichern. Auch die orthodoxe Kirche hat sich im interreligiösen Dialog engagiert und zu einem Miteinander der Religionen beigetragen. Die Studie beleuchtet unmittelbar die in ökumenischem Kontext entstandenen Beiträge der autokephalen orthodoxen Kirchen seit den 1980er Jahren bis heute. 410 0$aJudaism, Christianity, and Islam - Tension, Transmission, Transformation ;$vVolume 7. 606 $aChristianity and other religions$xIslam 606 $aIslam$xRelations$xOrthodox Eastern Church$xHistory 606 $aRELIGION / Christianity / History$2bisacsh 610 $aOrthodoxy. 610 $aconflict prevention. 610 $ainterreligious dialogue. 610 $apeaceful coexistence. 615 0$aChristianity and other religions$xIslam. 615 0$aIslam$xRelations$xOrthodox Eastern Church$xHistory. 615 7$aRELIGION / Christianity / History. 676 $a281.9 700 $aScho?n$b Dietmar$01174907 801 0$bMiAaPQ 801 1$bMiAaPQ 801 2$bMiAaPQ 906 $aBOOK 912 $a9910816464503321 996 $aDie orthodoxen Kirchen im interreligio?sen Dialog mit dem Islam$93996229 997 $aUNINA